000 01489nam0a2200349 4500
001 RU\NLR\bibl\514815
005 20260405073022.0
010 _a5-9524-0733-1
_bЦентрполиграф
010 _a5-7589-0104-0
_bМиМ-Дельта
_97000
021 _aRU
_b2004-13603
_9699
035 _a(NLR Aleph) 000507265
090 _a1210804
_c1210804
100 _a20040423d2004 |||y0rusy50 ca
101 0 _arus
102 _aRU
105 _aa |||||||||
200 1 _aКухня Италии
_eКулинар. путеводитель
_fС. Синельников, Т. Соломоник, И. Лазерсон
210 _aМ.
_aСПб.
_cЦентрполиграф
_cМиМ-Дельта
_d2004
215 _a701, [2] с.
_cил.
_d22
320 _aАлф. указ. блюд в конце кн.
606 0 _aКулинарное производство
_xИтальянская кухня
_92278586
_3RU\NLR\auth\661365302
606 0 _aИтальянская кухня
_92100450
_3RU\NLR\auth\661270383
686 _aЛ997(3)Итальянская
700 1 _aСинельников
_bС. М.
_gСергей Маркович
_4070
701 1 _aСоломоник
_bТ. Г.
_gТатьяна Григорьевна
_4070
701 1 _4070
_8rus
_7ca
_aЛазерсон
_bИ.И.
_gИлья Исаакович
_f1964-
_3RU\NLR\AUTH\7720043
_93111
801 0 _aRU
_bNLR
_c20040423
_gPSBO
801 1 _aRU
_bNLR
_c20040423
942 _cBOOK
980 _aNB